Responses for show #1755 - Friday, March 27, 1992

Robert Slaven game 4.

Contestants

Al Haggerty, a U.S. Naval officer originally from Salem, Oregon

Bill Westerman, a folklorist from Woodstown, New Jersey

Robert Slaven, an office automation specialist from Yellowknife, Northwest Territories (whose 3-day cash winnings total $32,701)

Jeopardy! Round responses

DESIGN
TV OCCUPATIONS
MUSICAL INSTRUMENTS
WORDS
U.S. STATES
GARDENING
    $100 26
Venetian blinds

Bill
    $100 7
physicians (doctors)

Bill
    $100 1
cord

Robert
    $100 16
pedigree

Al
    $100 4
Nevada

Robert
    $100 20
bulb

Bill
    $200 27
spindle

Al
    $200 8
butlers

Al
    $200 2
rattle

Al
    $200 17
peach

Robert
    $200 12
Louisiana

Robert
    $200 21
rose

Robert
    $300 28
X

Al
    $300 9
teachers

Robert
    $300 3
balalaika

Bill
    $300 18
inauguration

Robert
    $600 13
(Robert: What is Washington State?)

(1 of) Alaska or Oregon

Robert
    $300 23
radish

Bill
    $400 29
circle

Bill
    $400 10
chefs

Robert
    $400 5
autoharp

Bill
    $400 19
pagan

Bill
    $400 14
milk

Robert
    $400 24
bonsai

Al
    $500 30
Peacock Throne

Al
    $500 11
lawyers

Robert
    $500 6
panpipes

Bill
    $500 22
ciao

Bill
    $500 15
Hawaii

Robert
    $500 25
hybrid

Bill

Scores at the first commercial break (after clue 16):

Robert Bill Al
$1,900 $1,300 $500

Scores at the end of the Jeopardy! Round:

Robert Bill Al
$2,600 $3,600 $1,900

Double Jeopardy! Round responses

MOVIE MEALS
THE BIBLE
SCIENCE
AMERICAN HISTORY
AUTOBIOGRAPHIES
LONDON
    $200 2
The Breakfast Club

Al
    $200 4
the name of the Father, the name of the Son, and the name of the Holy Ghost

Robert
    $200 1
outlet

Bill
    $200 10
Army & Navy

Bill
    $200 22
Norman Rockwell

Bill
    $200 21
10 Downing Street

Bill
    $400 3
Breakfast at Tiffany's

Robert
    $400 5
set you free (make you free)

Bill
    $400 17
bark

Bill
    $400 11
70

Bill
    $400 23
Mickey Rooney

Al
    $400 27
(Lord Horatio) Nelson

Al
    $600 6
Mystic Pizza

Al
    $600 9
(Al: Who is Herod?)

Pharaoh

BillAl
    $600 18
screw

Robert
    $600 12
Northwest Passage

Al
    $600 24
Jane Addams

Bill
    $600 28
Lloyd's

Al
    $800 7
Dinner at Eight

Bill
    $800 15
his soul

Robert
    $800 19
(Al: What is protoplasm?)

endoplasm

RobertAl
    $800 13
Mormons

Robert
    $800 25
Joel Chandler Harris

Bill
    $800 29
Hyde Park

Bill
    $1000 8
My Dinner with Andre

Robert
    $1000 16
under the sun

Robert
    $1000 20
gunpowder

Robert
    $1,000 14
Bunker Hill

Robert
    $1000 26
(Bill: Who is Dorothea Lange?)

Margaret Bourke-White

Bill
Triple Stumper
    $2,000 30
(Bill: Who is Disraeli?)

Dick Whittington

Bill

Scores at the end of the Double Jeopardy! Round:

Robert Bill Al
$10,200 $6,200 $3,300

[wagering suggestions for these scores]

Final Jeopardy! Round responses

MYTHS & LEGENDS
AlWho was Robin Hood?
$3,250
BillWho was The Green Merlin?
$4,100
RobertWho was Robin Hood?
$2,300
Robin Hood

Final scores:

Robert Bill Al
$12,500 $2,100 $6,550
4-day champion: $45,201 3rd place: Deauville by Armitron watch collection & Nintendo Entertainment System with Wheel of Fortune and Super Jeopardy! games + InfoGenius games for Nintendo Game Boy 2nd place: trip to Miami on TWA & 7-day cruise to the Caribbean on Norwegian Cruise Line

Game dynamics:

Coryat scores:

Robert Bill Al
$10,800 $8,200 $3,300
21 R
(including 1 DD),
1 W
(including 1 DD)
23 R,
2 W
(including 1 DD)
13 R,
2 W

Combined Coryat: $22,300

The J! Archive is created by fans, for fans. The Jeopardy! game show and all elements thereof, including but not limited to copyright and trademark thereto, are the property of Jeopardy Productions, Inc. and are protected under law. This website is not affiliated with, sponsored by, or operated by Jeopardy Productions, Inc. Join the discussion at JBoard.tv.